=LDR 00000nam 2200000 4500 =001 INLIS000000001052358 =005 20240827091653 =035 ##$$a 0010-0824000176 =007 ta =008 240827################b##########1###### =020 ##$$a 978-89-6509-652--8 =082 ##$$a 028.55 =084 ##$$a 028.55 LEE p =100 #$$a Lee Yeon-hee =245 1#$$a Penyiir kecil muncul /$c Lee Yeon-hee =260 ##$$a Tongkeun World :$b Gyeonggi-do =300 ##$$a 27 hlm : $b ilus ; $c 22,3 x 24,5 cm =650 #4$$a Bacaan Kanak-kanak =990 ##$$a 17491749